FIFA 23 All Gold Dutch Players - Statistics

General Stats
  • This quiz has been taken 81 times
  • The average score is 31 of 62
Answer Stats
Rating Pos. Club Answer % Correct
87 CM Barcelona Frenkie de Jong
100%
79 ST PSV Luuk de Jong
100%
90 CB Liverpool Virgil van Dijk
100%
85 CB Bayern Matthijd de Ligt
98%
85 CF Barcelona Memphis Depay
98%
82 RWB Inter Denzel Dumfries
93%
84 CB Inter Stefan de Vrij
93%
83 LW PSV Cody Gakpo
91%
82 LW Villarreal Arnaut Danjuma
83%
80 CDM Atalanta Marten de Roon
81%
79 CM Man United Donny van de Beek
79%
80 CB Ajax Daley Blind
76%
80 RWB Leverkusen Jeremie Frimpong
76%
79 CM Bayern Ryan Gravenberch
76%
82 CAM Ajax Steven Berghuis
74%
80 CDM Atalanta Teun Koopmeiners
74%
79 ST Dortmund Donyell Malen
72%
80 CB Ajax Jurrien Timber
72%
78 CB Man City Nathan Ake
72%
80 CB Newcastle Sven Botman
71%
80 CM Roma Georginio Wijnaldum
69%
79 LB Man United Tyrell Malacia
69%
80 GK NEC Jasper Cillessen
66%
80 LW Ajax Steven Bergwijn
66%
79 ST Besiktas Wout Weghorst
60%
79 CM Ajax Davy Klaassen
59%
80 RWB Atalanta Hans Hateboer
59%
80 GK Freiburg Mark Flekken
59%
78 LW Club Brugge Noa Lang
57%
80 RWB Roma Rick Karsdorp
57%
78 CB Brighton Joel Veltman
52%
79 GK Feyenoord Justin Bijlow
52%
76 GK Norwich Tim Krul
47%
78 CDM Nice Pablo Rosario
41%
79 LB Ajax Owen Wijndal
40%
76 CB Sporting Jeremiah St. Juste
38%
75 LB Leverkusen Mitchell Bakker
36%
76 LW Valencia Justin Kluivert
34%
76 ST Ajax Brian Brobbey
33%
75 ST Monaco Myron Boadu
33%
75 GK Ajax Remko Pasveer
33%
76 ST Utrecht Bas Dost
31%
77 CB Sevilla Karim Rekik
31%
76 CM Club Brugge Ruud Vormer
31%
76 CB Leeds Pascal Struijk
29%
77 RB Feyenoord Lutsharel Geertruida
26%
76 LB Galatasaray Patrick van Aanholt
26%
78 CM PSV Joey Veerman
24%
75 CB Torino Perr Schuurs
22%
75 CM AZ Jordy Clasie
19%
76 GK Stade Reims Marco Bizot
19%
75 CB AZ Bruno Martins Indi
17%
75 CAM Hertha Jean Paul Boetius
14%
76 CB Anderlecht Wesley Hoedt
14%
75 CAM PSV Guus Til
12%
75 CB Augsburg Jeffrey Gouweleeuw
12%
75 LW PSV Anwar El Ghazi
10%
77 CB PSV Jordan Teze
10%
75 CB Udinese Bram Nuytinck
9%
75 CM Schalke Thomas Ouwejan
9%
76 LM Salernitana Tonny Vilhena
7%
77 CB AZ Riechedly Bazoer
5%
No matching quizzes found
Score Distribution
Percent of People with Each Score
Percentile by Number Answered
Your Score History
You have not taken this quiz